Billie Eilish - xanny lyrics - Statistics

General Stats
  • This quiz has been taken 213 times
  • The average score is 160 of 208
Answer Stats
Answer % Correct
I
100%
the
100%
a
99%
to
98%
be
97%
don't
97%
Don't
97%
it
95%
xanny
95%
is
94%
Better
92%
better
92%
me
92%
in
91%
them?
91%
them
91%
What
91%
about
90%
feel
90%
not
90%
on
90%
On
90%
They
90%
they
90%
I'm
88%
just
88%
need
88%
nothing
86%
doing
85%
ever
84%
second
84%
smoke
84%
something
84%
Too
84%
give
83%
hand
83%
off
83%
Who
83%
intoxicated
82%
keep
82%
missing
82%
without
82%
coke
81%
drinking
81%
must
81%
now
80%
canned
79%
scared
79%
but
78%
or
78%
Still
78%
as
76%
only
76%
Only
76%
Please
76%
try
76%
And
75%
table
75%
They're
74%
your
74%
Bring
72%
kiss
72%
their
72%
Their
72%
unstable
72%
One
71%
one
71%
thing
70%
sidewalk
69%
that's
68%
at
67%
can't
67%
mistake
67%
ashtrays
65%
someone
65%
are
64%
share
64%
cigarette
63%
come
63%
Come
63%
love
63%
who's
63%
afford
62%
break
62%
by
62%
down
62%
hurting
62%
learning
62%
Learning
62%
stoned
61%
isn't
60%
pretty
60%
bad
58%
heads
58%
Silver
58%
every
57%
designated
56%
home
56%
late
56%
party
56%
dying
55%
drives
54%
Lake
54%
Morning
53%
awfully
52%
Make
52%
sorry
52%
sundown
52%
up
52%
Waking
51%
same
49%
blame
48%
mistakes
48%
Nobody's
48%
circumstance
46%
dance
42%
inebriated
42%
Hmm
23%
hmm
23%
Mmm
18%
No matching quizzes found
Score Distribution
Percent of People with Each Score
Percentile by Number Answered
Your Score History
You have not taken this quiz